Walt Disney World Quiz #5 - Statistics

General Stats
  • This quiz has been taken 45 times
  • The average score is 6 of 9
Answer Stats
Hint Answer % Correct
Toy Story Land Slinky Dog Dash
97%
Toy Story Land Toy Story Mania
94%
Toy Story Land Alien Swirling Saucers
71%
Hollywood Boulevard Mickey & Minnie's Runaway Railway
61%
Sunset Boulevard The Twilight Zone Tower Of Terror
61%
Star Wars: Galaxy's Edge Millennium Falcon: Smugglers Run
58%
Star Wars: Galaxy's Edge Star Wars: Rise Of The Resistance
52%
Sunset Boulevard Rock 'n' Roller Coaster Starring Aerosmith
45%
Echo Lake Star Tours - The Adventure Continue
32%
No matching quizzes found
Score Distribution
Percent of People with Each Score
Percentile by Number Answered
Your Score History
You have not taken this quiz